000 00667nam a2200205 i 4500
001 38670
003 ES-MaACL
005 20260525062926.0
007 t|
008 030226s1982 sp ||||1| spa d
100 1 _aCamón Aznar, José,
_d1898-1979
_934095
245 1 0 _aAforismos del solitario /
_cJosé Camón Aznar ; prólogo de Francisco Jose León Tello.
260 _aMadrid :
_bEspasa-Calpe,
_c[1982]
300 _a128 p. :
_bil. ;
_c18 cm.
490 1 _aColección austral ;
_v1630
700 1 _aLeón Tello, Francisco José.
_971645
830 0 _aColección austral
_v1630
_9177655
852 _aES-MaACL
_jL-1757
_bR.102597
999 _c38670
_d38670